000 00726nam a22001817a 4500
003 AM-YeHGA
005 20250617153536.0
008 171018b1945 rus||||| |||| 00| 0 rus d
040 _aAM-YeHGA
100 1 _aСильченко, М.С.
245 1 0 _aАбай:
_bОчерки жизни и творчества/
_cМ.С. Сильченко; Казахский филиал АН СССР институт языка и литературы:
260 _aАлма-Ата:
_bКазОГИЗ,
_c1945:
300 _a113 с.
_bил.
600 1 4 _aАбай
710 2 _aКазахский филиал Академии Наук СССР институт языка и литературы
942 _2udc
_cBK
090 _c395546
999 _c393519
_d393519